QCM Autour de l'argent - Statistiques

Statistiques générales
  • Ce quiz a été pris 26 fois
  • Le résultat moyen est 16 sur 50
Statistiques - réponses
Question Réponse % Correct
Dans l'antiquité, l'argent fait partie des 7 métaux sacrés. Parmi les quatre cités, lequel n'en fait pas partie ? Bismuth
86%
Quel végétal ne désigne pas l'argent ? l'oignon
86%
Selon l'expression, l'argent n'a pas d'odeur
71%
Quel instrument contient traditionnellement des parties en argent ? Flûte traversière
71%
Qu'est-ce qui est de l'argent selon l'expression bien connue ? le temps
71%
Les plus anciens objets en argent ont été datés de - 5000
57%
Quel est le symbole chimique de l'argent ? Ag
57%
Quel mot ne désigne par l'argent en argot ? Arpion
57%
Quelle fleur est aussi appelée "étoile d'argent" ? L'edelweiss
57%
En espagnol, argent se dit Plata
57%
La pièce de 1 franc française était en argent de 1898 à 1920
43%
La rivière Argent coule en France mais dans quelle région ? Bretagne
43%
Qui chantait : "D'autres ont réussi avec un peu de voix, mais beaucoup d'argent, moi j'étais trop pur ou trop en avance, mais un jour viendra, je leur montrerai que j'ai du talent" ? Charles Aznavour
43%
Quelle plante existe ? la corbeille d'argent
43%
Dans Les Vieux, Jacques Brel chante : "Et s'ils tremblent un peu est-ce de voir vieillir (...)" la pendule d'argent
43%
Christian de Chalonge a réalisé le film... L'argent des autres
43%
Sous l'empereur romain Auguste quelle est la valeur de l'argent par rapport à l'or ? L'argent vaut le quart de l'or
43%
Qui chantait "L'argent ne fait pas le bonheur, celui qui a dit est un sacré menteur" ? Les Parisiennes
43%
Le poisson d'argent est Un insecte
43%
Quel film n'évoque pas le monde de la finance ? Vif argent
43%
On fête ses noces d'argents après combien d'années de mariage ? 25 ans
29%
A quoi n'a pas servi l'argent dans le passé ? A faire de l'encre
29%
Dans Trop grand maintenant, qui chante "T'as trop d'argent" à Joe Francis Cabrel
29%
Quel groupe chantait : " Un peu plus près des étoiles, au jardin de lumière et d'argent" ? Gold
29%
La première pièce en argent romaine apparait au IIe siècle avant J.C.
29%
Qui a obtenu la médaille d'argent en descente (ski) au JO de 1968 ? Isabelle Mir
29%
Quel économiste a publié L'Argent en 1975 ? John Kenneth Galbraith
29%
Qui a dit : "Si l’argent ne fait pas le bonheur, rendez-le !" ? Jules Renard
29%
Après avoir beaucoup plu au XVIIe siècle en France, l'argent s'utilise moins au siècle suivant tandis que les élites s'enthousiasme pour... la porcelaine
29%
Quel animal symbolise les économies d'argent dans la culture française ? L'écureuil
29%
L'argent se dissous dans l'acide nitrique
29%
Qui a dit : "L’esprit est tout le contraire de l’argent ; moins on en a, plus on est satisfait" Voltaire
29%
L'argent le plus courant en bijouterie est le (...), ce chiffre correspond à la proportion minimale d'argent dans le bijou 925
14%
Quel goût à l'argent ? Amer
14%
L'étymologie du mot "argent" fait référence à sa couleur
14%
Argent-sur-Sauldre est une commune de ce département... Cher
14%
Où se trouve la côte d'argent en France ? Dans les Landes
14%
L'argent peut se trouver dans des mines où l'on exploite principalement un autre métal mais jamais... de l'étain
14%
Comme nomme-t-on l'alliage naturel (sans intervention humaine) de l'or et de l'argent Electrum
14%
Quel est l'auteur du roman L'argent paru en 1891 ? Emile Zola
14%
A quel valeur n'est pas symboliquement associé l'argent ? Fidélité
14%
Le premier producteur d'argent en 2023 est le Mexique
14%
L'argent est toxique pour les larves de mollusques
14%
Qui a dit "La parole est d'argent mais le silence endort" ? Yves Mirande
14%
Quel poids de lingot d'argent n'est pas disponible en France ? 2,5 kilos
0%
Dans quelle discipline les Français ont-ils obtenu le plus de médailles d'argent aux J.O. ? Cyclisme
0%
Dans l'antiquité, l'argent est associé à Diane
0%
Qui n'a pas réalisé un film titré L'Argent ? Marcel Carné
0%
Quel saint faudrait-il prier pour obtenir de l'argent en urgence ? St Antoine de Padoue
0%
Quel est en France le poinçon officiel pour l'argent pur ? Une amphore
0%
Aucun quiz correspondant
Distribution des résultats
% des personnes avec chaque résultat
Percentile par nombre de réponses
Votre historique - résultats
Vous n’avez pas pris ce quiz